000 00362 a2200157 4500
001 152699
040 _cEscola São Tomás de Aquino
100 _aGULLAR, Ferreira
240 1 0 _aO menino e o arco - íris
_lpor
245 1 0 _aO menino e o arco - íris
300 _a102
362 0 _a2001
440 1 _aÁtica
697 _a*LITERATURA JUVENIL
942 _cBK
999 _c152699
_d152699